Central Library OPAC University of Rajshahi
Normal view MARC view

Entry Personal Name

Number of records used in: 2

001 - CONTROL NUMBER

  • control field: 16299

003 - CONTROL NUMBER IDENTIFIER

  • control field: BD-RjUL

005 - DATE AND TIME OF LATEST TRANSACTION

  • control field: 20250728113851.0

008 - FIXED-LENGTH DATA ELEMENTS

  • fixed length control field: 250728|| aca||aabn | a|a d

040 ## - CATALOGING SOURCE

  • Original cataloging agency: BD-RjUL
  • Transcribing agency: BD-RjUL

100 ## - HEADING--PERSONAL NAME

  • Personal name: سيد وقار ., عظىم، ، ʻAz̤īm., Sayyid Vaqār
  • Dates associated with a name: 1976-1910

670 ## - SOURCE DATA FOUND

  • Source citation: Work cat.: (BD-RjUL)85338: سيد وقار ., عظىم، ، ʻAz̤īm., Sayyid Vaqār 1976-1910, اقبال : شاعر اور فلسفى / Iqbāl : shāʻir aur falsafī /, 1982